Canada Opposites Quiz Stats

 Plays Quiz not verified by Sporcle

Also try: USA Opposites
Challenge
Share
Tweet
Embed
Score 0/32 Timer 04:00
0 Plays Today
Hint Answer % Correct
Is the smallest country on its continentVatican City
93.8%
Is the smallest country on its continentSeychelles
88.4%
Are island nations in the Indian OceanSeychelles
88.4%
Is the smallest country on its continentMaldives
86%
Are island nations in the Indian OceanMaldives
86%
Are island nations in the Indian OceanComoros
85.3%
Capital starts with A and ends in OMadagascar
84.5%
Are island nations in the Indian OceanMadagascar
84.5%
Are island nations in the Indian OceanSri Lanka
81.4%
Are island nations in the Indian OceanMauritius
80.6%
Is the smallest country on its continentSuriname
79.8%
Is the smallest country on its continentNauru
76%
Is the smallest country on its continentSaint Kitts and Nevis
68.2%
Ends in CDominican Republic
51.2%
Has a flag with no red or whiteSweden
49.6%
Has a flag with no red or whitePalau
48.1%
Hint Answer % Correct
Ends in CCentral African Republic
46.9%
Has a flag with no red or whiteJamaica
46.5%
Has a flag with no red or whiteUkraine
43.4%
Has the 2nd lowest maximum elevation on its continentBarbados
39.5%
Has the 2nd lowest maximum elevation on its continentParaguay
39.5%
Has a flag with no red or whiteBarbados
39.5%
Has a flag with no red or whiteBahamas
37.2%
Has a flag with no red or whiteSaint Vincent and the Grenadines
34.9%
Has the 2nd lowest maximum elevation on its continentMarshall Islands
30.2%
Has a flag with no red or whiteKazakhstan
30.2%
Has the 2nd lowest maximum elevation on its continentQatar
29.5%
Has the 2nd lowest maximum elevation on its continentDenmark
28.7%
Has a flag with no red or whiteRwanda
24.8%
Has a flag with no red or whiteGabon
20.2%
Has the 2nd lowest maximum elevation on its continentGuinea-Bissau
17.8%
Has a flag with no red or whiteTanzania
15.5%

You're not logged in!

Compare scores with friends on all Sporcle quizzes.
Join for Free
OR
Log In

You Might Also Like...

Show Comments

Extras

Top Quizzes Today


Score Distribution

Your Account Isn't Verified!

In order to create a playlist on Sporcle, you need to verify the email address you used during registration. Go to your Sporcle Settings to finish the process.

Report this User

Report this user for behavior that violates our Community Guidelines.

Details: